[Event "Sharjah Master 2024"]
[Site "Shsrjah - Abu Dhabi"]
[Date "2024.05.19"]
[Round "?"]
[White "Pranav Anand"]
[Black "Mishra, Abhimanyu"]
[Result "0-1"]
[WhiteElo "2530"]
[BlackElo "2634"]
[PlyCount "126"]
[EventDate "2024.05.14"]
[EventCountry "UAE"]

{[%evp 16,126,43,42,61,58,59,52,52,54,52,42,39,37,37,0,5,5,66,64,62,67,72,69,62,-5,-8,-21,-21,-24,25,-33,-21,-80,72,0,-5,0,15,10,11,-259,-260,-259,-259,-371,-266,-326,-324,-314,-306,-297,-287,-352,-360,-396,-399,-392,-381,-391,-380,-375,-330,-327,-308,-392,-298,-299,-262,-266,-263,-279,-269,-337,-339,-441,-385,-379,-388,-378,-368,-388,-383,-391,-388,-398,-393,-400,-396,-397,-396,-378,-319,-398,-398,-396,-360,-426,-416,-423,-421,-425,-405,-516,-515,-523,-522,-527,-509,-537,-524,-491,-536]} 1. e4 c5 2. Nf3 d6 3. d4 cxd4 4. Nxd4 Nf6 5. Nc3 a6 6. Be3 e5 7. Nb3 Be7 8. f3 Be6 9. Qd2 h6 $146 ({RR} 9... Nc6 {9...h5 0.41} 10. Nd5 b5 (10... Bxd5 $16 11. exd5 Nb8) 11. Bb6 Qc8 12. Nc7+ Kd7 $2 (12... Kf8 13. Nxa8 Qxa8) 13. Nxa8 Qxa8 14. Nc5+ Kc8 15. Nxe6 Kb7 16. Be3 fxe6 17. Bd3 Re8 18. O-O d5 19. c3 d4 20. Bf2 Rd8 21. a4 Qc8 (21... b4 {is a better defense.} 22. cxd4 Nxd4) 22. axb5 axb5 {1-0 (22) Martins,J (1426)-De Oliveira Fernandes,L Florianopolis BRA 2024}) ({RR} 9... b5 10. g4 (10. a4 $16) 10... d5 $1 11. exd5 Nxd5 12. Nxd5 Qxd5 13. O-O-O Qxd2+ 14. Rxd2 O-O 15. h3 (15. Nc5 $14) 15... Nd7 16. Bd3 Nf6 (16... Rac8 $11 {keeps the balance.}) 17. Kd1 (17. Bc5 $1 $16 {[%cal Rc5e7]} Rae8 18. Bxe7 Rxe7 19. Re1) 17... Nd5 (17... Rac8 $15 18. Bg5 Bd8) 18. Bc5 Rfe8 19. Bxe7 Nxe7 20. Ke2 Nd5 21. Kf2 Nf4 22. h4 {½-½ (22) Wang,Z-Rong,Y (1143) Shanghai CHN 2024}) ({RR} 9... Nc6 {9...0-0 0.42} 10. O-O-O b6 (10... Na5 $16) 11. g4 b5 12. h4 Na5 13. Nxa5 (13. g5 $18 Nh5 14. Nd5 Nxb3+ 15. axb3) 13... Qxa5 14. a3 b4 15. Nb1 (15. Nd5 $14 Bxd5 16. exd5) 15... Rb8 16. h5 ({White should play} 16. axb4 $15 Rxb4 17. Qe1) 16... Qa4 $2 (16... O-O $19 17. g5 Nd7) 17. Qe2 $2 (17. b3 $11 {and White is okay.} Bxb3 18. cxb3 Qxb3 19. Qd3 bxa3 20. Qxb3 Rxb3 21. Rd3 Rxd3 22. Bxd3) 17... Rc8 $2 (17... bxa3 $19 18. Nxa3 O-O 19. Qxa6 Qb4) 18. Rd2 (18. axb4 $15 h6 19. c3) 18... Bc4 19. Qd1 (19. Qh2 $17 {keeps fighting.}) 19... Ba2 $2 (19... Bxf1 $19 20. Rxf1 bxa3 21. Nxa3 d5) 20. c3 $2 (20. axb4 $14 O-O 21. h6) 20... Bxb1 $4 {[%mdl 8192]} (20... Bb3 $19 21. Qe2 Bc4) 21. Qxa4+ {1-0 (21) Terzi,A (2254)-Tsukerman,J (1802) chess.com INT 2024}) 10. O-O-O h5 11. Kb1 Nbd7 {White is slightly better.} 12. Bd3 Qc7 13. h3 h4 14. f4 b5 15. fxe5 (15. Rhf1 {keeps more tension.} b4 16. Nd5 Nxd5 17. exd5 Bxd5 18. fxe5 dxe5 19. Bg6) 15... dxe5 16. Nd5 Bxd5 (16... Nxd5 $11 17. exd5 Bxd5) 17. exd5 $14 Nb6 18. Bxb6 Qxb6 19. Rhe1 Bd6 20. Na5 (20. Qe2 $14) 20... Kf8 $11 21. Nc6 Re8 22. Be4 Nh5 $6 {Inaccuracy. g6 was best.} (22... g6 23. a3 Kg7 24. Rc1 Qc5 25. Na5 Bc7 26. Nc6 Nh5 27. Nb4 Ba5 28. c3 $1) 23. c4 $6 {Inaccuracy. Qg5 was best.} (23. Qg5 Nf6) ({Better is} 23. Rf1 $11) 23... Ng3 24. Qc3 (24. cxb5 $11 axb5 25. Qd3) 24... b4 $2 {[#] Mistake. Rh6 was best.} (24... Rh6) (24... Rh6 $17 {keeps the pressure on.}) 25. Qf3 $6 {Inaccuracy. Qc2 was best.} (25. Qc2 $1 Rh6 (25... Qc5 $142)) ({White should try} 25. Qc2 $1 $16) 25... Rh6 26. Qg4 Qc7 27. Qg5 Bc5 28. d6 $4 {Blunder. Qg4 was best.} (28. Qg4 $1) (28. Qg4 $11 {and White has nothing to worry.}) 28... Bxd6 $19 ({Avoid the trap} 28... Nxe4 $2 29. Qxh6 gxh6 30. dxc7 $18) 29. Bd5 {[#]} e4 $1 {And now ...Bf4 would win.} 30. Qe3 $6 {Inaccuracy. Nd4 was best.} (30. Nd4 Bf4 31. Qg4 g5 32. Nf5 Nxf5 33. Qxf5 Re5 34. Qg4 f5 35. Qe2 Kg7) (30. Qg4 $142 Bc5 31. Nd4) 30... Kg8 $6 {Inaccuracy. Bf4 was best.} (30... Bf4 31. Qc5+ Kg8 32. Rd4 Rf6 33. Rexe4 Nxe4 34. Rxe4 Rxe4 35. Bxe4 Bd6 36. Qh5) 31. Rf1 Nxf1 32. Rxf1 Rf6 33. Rxf6 gxf6 34. Qh6 {Hoping for Qg6+.} Bf8 35. Qg6+ Bg7 {White must now prevent ...e3.} 36. Nd4 {Intending Nf5 and mate.} Kf8 37. Qh5 {intending Nf5.} e3 38. Ne2 {[#]} f5 $1 39. Qxf5 Re7 40. Kc2 Qe5 41. Qxe5 Bxe5 {[%mdl 4096] Endgame KRB-KBN} 42. b3 Bd6 43. Kd3 Bc5 44. Ng1 a5 45. Ke2 $6 {Inaccuracy. Ne2 was best.} (45. Ne2 a4 46. Kc2 Ra7 47. Nc1 axb3+ 48. axb3 Ra1 49. Bc6 Be7 50. Bf3 Bg5) 45... Ra7 46. Bc6 Ra6 47. Bb7 Ra7 48. Bc6 Ra6 49. Bb7 Rg6 50. Ke1 Ke7 51. Ne2 Rd6 52. Bd5 {[#]} a4 $1 53. Nc1 (53. bxa4 Ra6) 53... Ra6 {Strongly threatening ...axb3.} 54. bxa4 Rxa4 55. Be4 Ra3 56. Nb3 Kd6 57. Bb1 Ra8 58. Ke2 f6 59. Nxc5 $6 {Inaccuracy. Nc1 was best.} (59. Nc1 Rg8 60. Be4 Rg7 61. Bf3 Ra7 62. Kd1 Ke5 63. Kc2 Ra3 64. Be2 Rc3+) 59... Kxc5 {Black is clearly winning.} 60. Kxe3 Kxc4 61. Bg6 Ra7 62. Kf3 Kc3 63. g3 Rg7 {Accuracy: White = 60%, Black = 81%.} 0-1

[Event "Sharjah Master 2024"]
[Site "Shsrjah - Abu Dhabi"]
[Date "2024.05.19"]
[Round "?"]
[White "Bharath Subramaniyam H"]
[Black "Gledura, Benjamin"]
[Result "1/2-1/2"]
[WhiteElo "2544"]
[BlackElo "2619"]
[PlyCount "143"]
[EventDate "2024.05.14"]
[EventCountry "UAE"]

1. e4 c5 2. Nf3 d6 3. d4 cxd4 4. Nxd4 Nf6 5. Nc3 a6 6. Bc4 e6 7. a4 Be7 8. O-O O-O 9. Be3 Nc6 10. Qe2 Nxd4 $146 ({RR} 10... Bd7 11. Nxc6 Bxc6 12. a5 Qc8 13. f3 d5 14. exd5 Nxd5 15. Nxd5 Bxd5 16. Bd3 Qc7 17. c4 Bc6 18. Bb6 Qf4 19. Rad1 Rac8 20. b3 h5 21. Bb1 g6 22. Qd2 Qxd2 23. Rxd2 Bd8 24. Bxd8 Rfxd8 25. Rfd1 {Haldorsen,B (2427)-Do Valle Cardoso,L (2392) Florianopolis BRA 2024 ½-½ (40)}) ({RR} 10... Qc7 11. f4 Nxd4 12. Bxd4 e5 13. Be3 Be6 14. Bb3 Rac8 15. Qf3 exf4 16. Qxf4 Qa5 17. Rad1 Bxb3 18. cxb3 Qb4 19. Qg3 Kh8 20. Bd4 Qxb3 21. Rd3 Qe6 22. Nd5 Ne8 23. Qf4 Bd8 24. b3 Rc2 25. Ne3 {Dvoirys,S (2476)-Grinberg,E (2462) Israel ISR 2024 1-0 (34)}) ({RR} 10... Qc7 11. Nxc6 Qxc6 12. Bd4 b6 13. Bxf6 Bxf6 14. Nd5 Bd8 15. Nb4 Qb7 16. Rfd1 Be7 17. c3 Ra7 18. h3 Qa8 19. Qe3 Bb7 20. Re1 Bd8 21. Bf1 Qb8 22. Rad1 Ra8 23. g3 Qc7 24. Bg2 Be7 25. Rd2 {Levitan,C (2235)-Karsten,J (2323) Cape Town RSA 2024 1-0 (68)}) 11. Bxd4 Bd7 12. a5 Bc6 13. Rfd1 Rc8 14. Bb6 Qe8 15. Bb3 Nd7 16. Bd4 Qd8 17. Qe3 Re8 18. Ne2 Bf8 19. c4 Qh4 20. Nc3 Ne5 21. Qg3 Qxg3 22. hxg3 f6 23. Rac1 Kf7 24. Ba2 Bd7 25. Ne2 Nc6 $6 {Inaccuracy. g6 was best.} (25... g6 26. Bb6 Ba4 27. b3 Bc6 28. f3 f5 29. exf5 gxf5 30. Nf4 Be7 31. Rc3) 26. Bc3 $6 {Inaccuracy. Bb6 was best.} (26. Bb6 Nb8 27. Nc3 g6 28. b4 f5 29. Bb3 h5 30. Be3 Be7 31. b5 axb5) 26... Rc7 27. b3 Rb8 28. Bd2 b6 29. axb6 Rxb6 30. Nc3 Nb4 31. Bb1 g5 32. Be3 Rbb7 33. f4 h6 34. Rf1 Kg7 35. Rf2 Be7 36. Rcf1 Nc6 37. Bc2 Nb4 38. Bb1 gxf4 39. gxf4 d5 40. exd5 exd5 41. Nxd5 Nxd5 42. cxd5 Rxb3 43. Rf3 Bg4 44. Rg3 h5 45. Bf2 Rxg3 46. Bxg3 Bd6 47. Bf2 Bxf4 48. Bd3 Rd7 49. Bc4 Be5 50. Bxa6 Rxd5 51. Bb7 Rd2 52. Be3 Re2 53. Bf4 Kg6 54. Ba6 Rb2 55. Bd3+ Kg7 56. Bxe5 fxe5 57. Bf5 Rb4 58. Kh2 Kh6 59. Bxg4 Rxg4 60. Rf5 Re4 61. Kg3 Kg6 62. Rf8 Rg4+ 63. Kf3 e4+ 64. Kf2 Rg5 65. Rf4 Rg4 66. Ke3 Kg5 67. Rxe4 Rxe4+ 68. Kxe4 Kg4 69. Ke5 h4 70. Kf6 Kg3 71. Kg5 Kxg2 72. Kxh4 1/2-1/2

[Event "Sharjah Master 2024"]
[Site "Shsrjah - Abu Dhabi"]
[Date "2024.05.19"]
[Round "?"]
[White "Petrosyan, Manuel"]
[Black "Horvath, Dominik"]
[Result "1/2-1/2"]
[WhiteElo "2616"]
[BlackElo "2553"]
[PlyCount "121"]
[EventDate "2024.05.14"]
[EventCountry "UAE"]

1. e4 e5 2. Nf3 Nf6 3. Nc3 Nc6 4. Bb5 Nd4 5. Nxd4 exd4 6. e5 dxc3 7. exf6 Qxf6 8. dxc3 Qe5+ 9. Qe2 Qxe2+ 10. Kxe2 c6 11. Bd3 d5 12. a4 $146 ({RR} 12. Be3 Be6 13. Rhe1 Bd6 14. h3 O-O 15. Kf3 Rfe8 16. Bf4 Bc5 17. Be3 Bd6 18. Bf4 Bc5 19. Be3 Bf8 20. g4 a6 21. b4 a5 22. a3 b5 23. Kg2 Bd6 24. Bb6 a4 25. Re3 Bf4 26. Re2 Bd7 {Pap,G (2475)-Kantor,G (2527) Budapest 2024 ½-½ (42)}) ({RR} 12. c4 Be6 13. cxd5 Bxd5 14. f3 Bc5 15. Be3 Bxe3 16. Kxe3 Kd7 17. Rhe1 Rae8+ 18. Kf2 h6 19. b3 Kc7 20. Rxe8 Rxe8 21. Re1 Rxe1 22. Kxe1 c5 23. Kd2 Kd6 24. Ke3 b6 25. c4 Be6 26. h4 g5 {Bacrot,E (2683)-Kuzubov,Y (2605) chess.com INT 2024 ½-½ (37)}) ({RR} 12. Be3 Be6 13. f4 f6 ({RR} 13... Bd6 14. Kd2 O-O 15. g3 Rfe8 16. Rhe1 c5 17. a3 Bd7 18. c4 dxc4 19. Bxc4 Rad8 20. Kc3 Be7 21. a4 b6 22. Bf2 Bf6+ 23. Kb3 Rxe1 24. Rxe1 Re8 25. Rxe8+ Bxe8 26. Bb5 Bxb5 27. axb5 Kf8 28. c3) 14. Rhe1 Bd6 15. Kf3 Kd7 16. Rad1 b6 17. a4 Bf7 18. b3 Kc7 19. Re2 Bg6 20. Rde1 Bxd3 21. cxd3 Kd7 22. f5 Rhe8 23. g4 Re7 24. Bf4 Rae8 25. Rxe7+ Rxe7 26. Rxe7+ Kxe7 {Nazari,A (2370)-Ju,W (2559) Dubai Police Officers Club, A 2024 ½-½ (39)}) ({RR} 12. Bf4 Be6 13. Rhe1 Kd7 14. Rad1 Bd6) ({RR} 12. Re1 Bd6 13. Bf4 Ke7 14. Kf3+ Be6 15. c4 dxc4 16. Bxc4 Bxf4 17. Kxf4 Rad8 18. Bxe6 fxe6 19. Re2 Rd4+ 20. Kg3 Rhd8 21. Rae1 R8d6 22. f3 Rd2 23. Kf2 Rxe2+ 24. Rxe2 Rd1 25. Re1 Rd2+ 26. Re2 Rd1) 12... a5 13. Bf4 Be6 14. h4 h5 15. Kf3 O-O-O 16. Rhb1 d4 17. b4 axb4 18. cxb4 f6 19. Ke2 Bd6 20. Bxd6 Rxd6 21. Kd2 g5 22. Rh1 Bd5 23. f3 Kc7 24. a5 Re6 25. a6 bxa6 26. Rxa6 Re5 27. b5 Rg8 28. hxg5 Rexg5 29. Kc1 Rxg2 30. Rxh5 Rg1+ 31. Kb2 Re1 32. Rh7+ Kd6 33. bxc6 Bxc6 34. Be4 Rc8 $4 {Blunder. Rb8+ was best.} (34... Rb8+ 35. Ka2) 35. Rh6 $2 {Mistake. Rh4 was best.} (35. Rh4 Rb8+ 36. Ka2 Rxe4 37. Rxe4 Kd5 38. Ra5+ Rb5 39. Ra4 Rb2+ 40. Kxb2 Bxa4) 35... Kc5 $2 {Mistake. Rxe4 was best.} (35... Rxe4 36. fxe4 Kc5 37. Rh5+ Kc4 38. Rh4 Kb5 39. Ra3 Re8 40. Rf4 Rxe4 41. Rb3+) 36. Rh5+ Kd6 37. Rb6 $4 {Blunder. Kb3 was best.} (37. Kb3 Rxe4 38. fxe4 Kd7 39. Rh4 Rb8+ 40. Ka3 Re8 41. e5 Rxe5 42. Rxd4+ Kc7) 37... Re3 38. Rf5 Kd7 39. Bxc6+ Rxc6 40. Rxc6 Kxc6 41. Rxf6+ Kd5 42. Rf8 Kc4 43. Kc1 Re2 44. Rc8+ Kd5 45. Rb8 Rf2 46. Rb3 Kc4 47. Rd3 Rf1+ 48. Kd2 Rf2+ 49. Kd1 Rf1+ 50. Ke2 Rc1 51. Kd2 Rf1 52. Ra3 Rf2+ 53. Kd1 Kb4 54. Rb3+ Kc4 55. Kc1 Rf1+ 56. Kb2 Rf2 57. Ra3 Kb4 58. Rd3 Kc4 59. Rb3 Rf1 60. Ra3 Kb4 61. Rb3+ 1/2-1/2

[Event "Sharjah Master 2024"]
[Site "Shsrjah - Abu Dhabi"]
[Date "2024.05.19"]
[Round "?"]
[White "Ivanchuk, Vasyl"]
[Black "Blohberger, Felix"]
[Result "0-1"]
[WhiteElo "2609"]
[BlackElo "2505"]
[PlyCount "89"]
[EventDate "2024.05.14"]
[EventCountry "UAE"]

{[%evp 9,89,11,19,12,9,9,14,-49,-34,-39,-29,-30,-9,-54,-21,-41,-39,-39,-33,-50,-48,-50,-44,-42,-41,-58,-59,-51,-41,-31,-10,-47,3,-12,1,3,2,0,4,0,0,0,1,-3,1,1,0,0,4,7,-1,-1,9,8,8,9,5,9,29,33,33,22,25,12,35,11,16,11,12,12,13,10,14,15,27,9,21,5,18,20,24,0]} 1. e4 e5 2. Nf3 Nc6 3. Bb5 Nf6 4. d3 Bc5 5. Nbd2 ({RR} 5. Bg5 Nd4 6. Nxd4 Bxd4 7. c3 Bb6 8. Nd2 c6 9. Ba4 h6 10. Bh4 O-O 11. O-O d5 12. Re1 Bc7 13. h3 Be6 14. Bb3 Re8 15. Qf3 g5 16. Bg3 d4 17. Bxe6 Rxe6 18. cxd4 exd4 19. Bxc7 Qxc7 {Nihal,S (2698)-Nakamura,H (2789) chess.com INT 2024 ½-½ (78)}) ({RR} 5. Bg5 h6 6. Bh4 Be7 7. Nbd2 d6 8. c3 O-O 9. Bxc6 bxc6 10. Qc2 Nh5 11. Bxe7 Qxe7 12. O-O-O c5 13. g3 Be6 14. Kb1 a5 15. d4 a4 16. dxe5 dxe5 17. Nxe5 Bxa2+ 18. Kxa2 Qxe5 19. Qd3 Nf6 {Bacrot,E (2684)-Blohberger,F (2506) chess.com INT 2024 ½-½ (75)}) 5... O-O 6. Nb3 {[#] And now Bxc6 would win.} Bb6 $146 ({RR} 6... Bd6 7. O-O Re8 8. Bg5 h6 9. Bh4 a6 10. Bxc6 dxc6 11. Na5 c5 12. c3 c6 13. Nc4 b5 14. Ne3 Bf8 15. a4 Qd6 16. Bg3 Nh5 17. Bxe5 (17. axb5 $11 {keeps the balance.} cxb5 18. Re1) 17... Rxe5 18. Nxe5 Qxe5 19. d4 cxd4 20. cxd4 Qg5 21. f4 {Bodnaruk,A (2340)-Zhapova,Y (2201) Tashkent UZB 2024 1-0 (47)}) ({RR} 6... Bd6 7. O-O a6 8. Bxc6 dxc6 9. Bg5 Re8 10. Re1 c5 11. a4 a5 12. Nbd2 Re6 13. Nc4 Qe8 14. Bd2 b6 15. Ng5 Re7 16. Bc3 Nd7 17. Qd2 ({Better is} 17. Nf3 $14) 17... f6 18. Nf3 Nf8 19. Ne3 Ne6 20. Nd5 Rf7 21. Qd1 {Tutisani,N (2405)-Dvirnyy,D (2482) Vecindario ESP 2024 ½-½ (42)}) ({RR} 6... Qe7 7. Bg5 Bb6 8. O-O h6 9. Be3 d6 10. Bxb6 axb6 11. Bxc6 (11. a4 $11 {remains equal.}) 11... bxc6 12. Nfd2 d5 13. Re1 Bb7 14. d4 (14. a4 $15) 14... exd4 15. exd5 Qd7 16. dxc6 Bxc6 (16... Qxc6 $17 {[%csl Gb7][%cal Rc6g2]} 17. Nf3 Rfd8) 17. Nf3 Qg4 (17... Bxf3 $5 18. Qxf3 c5 $15) 18. Nbxd4 Rad8 19. h3 Qf4 20. c3 Bb7 21. Qc1 {Zhurbinsky,D (2080)-Vemparala,N (2192) Chesterfield MO USA 2023 0-1 (47)}) 7. Bxc6 bxc6 8. h3 $6 {Inaccuracy. Nxe5 was best.} (8. Nxe5 d5 9. O-O dxe4 10. a4 a5 11. dxe4 Qe7 12. Bf4 Nxe4) (8. Nxe5 $11 d5 9. a4 (9. Nxc6 Qd6 $11)) 8... d6 9. Be3 Nd7 10. O-O Bb7 11. Re1 Rb8 12. a4 Bxe3 13. fxe3 c5 14. Nbd2 g6 15. b3 f5 16. Rf1 Qe7 17. Qe2 Rf7 18. Rf2 Rbf8 19. Raf1 h6 20. Kh2 Kg7 21. exf5 Rxf5 22. e4 R5f7 23. Nc4 Nf6 24. Nfd2 Bc8 25. Ne3 Be6 26. Qe1 Ng8 27. Rxf7+ Rxf7 28. Nf3 Qf8 29. Qa5 Qb8 30. Qb5 Qc8 31. b4 a6 $132 {[%mdl 2048] Black is not holding back} 32. Qa5 cxb4 33. Qxb4 Ne7 34. Qc3 Kh7 35. a5 Qb7 36. Qe1 Qa7 37. Qd2 Kg7 38. d4 exd4 39. Nxd4 Rxf1 40. Nxf1 {[#] Threatens to win with Qe3.} Bf7 41. Qc3 {Threatening mate with Ne6+.} Kg8 42. Nd2 Qb7 43. N4f3 Qc6 44. Qf6 Qd7 45. e5 {[%mdl 32768] Accuracy: White = 75%, Black = 85%. . Loss on time!?} 0-1

[Event "Sharjah Master 2024"]
[Site "Shsrjah - Abu Dhabi"]
[Date "2024.05.19"]
[Round "?"]
[White "Siddharth, Jagadeesh"]
[Black "Gupta, Abhijeet"]
[Result "1-0"]
[WhiteElo "2508"]
[BlackElo "2601"]
[PlyCount "109"]
[EventDate "2024.05.14"]
[EventCountry "UAE"]

{[%evp 19,109,19,56,30,58,53,55,60,61,65,76,46,66,40,49,39,38,37,38,33,26,17,23,-18,-17,-20,-19,-19,-13,-32,-21,-17,-6,-15,4,-35,5,-38,-42,-21,-21,-55,-55,-59,-58,-60,-48,-57,-50,-53,-6,-3,0,-7,0,0,0,0,0,0,0,9,131,131,131,71,77,46,64,45,41,14,57,38,28,0,87,-13,98,42,127,0,0,0,65,-317,52,-3,719,641,29992,639]} 1. e4 c5 2. Nf3 d6 3. d4 cxd4 4. Nxd4 Nf6 5. Nc3 a6 6. g3 e5 7. Nb3 Be7 8. Bg2 O-O 9. O-O b6 $146 ({RR} 9... Qc7 10. a4 Bg4 11. Bf3 Be6 12. Re1 Nbd7 13. Nd2 Rfc8 14. Nf1 Rab8 15. a5 Bd8 16. Be3 h6 17. h4 b6 18. axb6 Nxb6 19. Bc1 a5 20. Ne3 Nc4 21. b3 Nxe3 22. Rxe3 Qc6 23. Rd3 Bb6 24. Be3 {Yu Yangyi (2720)-Xu,X (2623) Chengdu CHN 2024 ½-½ (61)}) 10. a4 Bb7 11. Qe2 Nbd7 12. Rd1 Rc8 13. Nd2 {White is slightly better.} Qc7 14. Nf1 Rfe8 15. Ne3 Bf8 16. Bd2 Nc5 {[%cal Rc5e4]} 17. Ned5 Nxd5 18. Nxd5 Bxd5 19. exd5 a5 $1 20. Bh3 Rb8 21. Qb5 g6 22. c3 f5 23. Be3 Bg7 24. Rac1 Rec8 25. f3 Qd8 26. Rc2 Bf6 27. b4 Nd7 28. g4 f4 29. g5 Bxg5 30. Bxd7 fxe3 31. Bxc8 Rxc8 32. Qd3 Bf4 33. bxa5 bxa5 34. Rb1 Qg5+ {[%mdl 1024] Black has compensation.} 35. Rg2 Qh5 36. Rb7 Kh8 37. c4 Qh4 38. Qe2 Qf6 39. Qd3 Rf8 40. Rg4 Bg5 $4 {Blunder. Rf7 was best.} (40... Rf7 41. Rxf7 Qxf7 42. c5 dxc5 43. Rg2 Kg7 44. Rc2 Qf6 45. d6 e4 $1 46. Qxe4) (40... Rf7 $11 {keeps the balance.} 41. Rb8+ Kg7) 41. Qe4 $16 Bf4 42. Kf1 $2 {Mistake. h4 was best.} (42. h4) (42. h4 $142) 42... Rf7 43. Rb5 Qd8 44. Ke2 Kg7 45. h3 $6 {Inaccuracy. h4 was best.} (45. h4) 45... Kh6 46. c5 dxc5 47. Rxc5 Rf6 $6 {Inaccuracy. Qb8 was best.} (47... Qb8 48. Rc6 Qb2+ $1 49. Qc2 Rb7 $1 50. Rc7 Qb1 51. Qxb1 Rxb1 52. Rc2 Kg7 53. h4) (47... Qb6 $11 {remains equal.} 48. Rc6 Qb2+ 49. Qc2 Rb7) 48. Qc2 ({White should try} 48. Qc4 $16 {Black must now prevent Rh4+.} Rf7 49. Rc6) 48... Rf5 (48... Rb6 $1 $11) 49. Qd3 (49. Rc7 $16) 49... Qd6 (49... Rf6 $14) 50. Qb5 (50. Rxa5 $6 Qb4 $11) ({Better is} 50. Rc6 $16 Qd7 51. Qb5) 50... e4 $1 $11 {[%cal Re4f3]} 51. fxe4 Rf7 (51... Bg5 $1 $11 52. exf5 Qh2+ 53. Kd3 Qd2+ 54. Kc4 e2 55. Qxa5 (55. Rg1 $2 Be3 $19 {[%mdl 64] Double Attack}) 55... Qxa5 56. Rxa5 e1=Q) 52. Rc2 $2 {[%mdl 8192]} (52. Rc6 $1 $14 {keeps the upper hand.} Qe5 53. d6) 52... Qe5 $2 (52... Qf6 $19 53. Kd3 (53. Qxa5 $2 Bg5 $19) 53... Be5) 53. d6 (53. Qb6 $5 {[%cal Rb6e6]} Bg5 54. Rxg5 (54. Qxa5 $2 Rf2+ 55. Kd3 Qa1 $19) 54... Kxg5 55. Qxe3+ Kh5 56. Kd2 $16) 53... Qxe4 $2 {[%mdl 8192]} (53... Qxd6 $11 54. Qc5 (54. Qxa5 Qf6 $17) 54... Qe6) 54. Rc4 Qh1 {[#] ...Qh2+ is the strong threat.} (54... Qe5) 55. Rcxf4 {Accuracy: White = 59%, Black = 59%.} (55. Rh4+ $142 Kg7 56. Qb2+ Kg8 57. Rc8+ Rf8 58. Rxf8+ {[%mdl 64] Back Rank} Kxf8 59. Rxf4+ Ke8 60. Qb5+ {[%mdl 64] Double Attack} Qc6 61. Qxc6+ Kd8 62. Rf8#) 1-0

[Event "Sharjah Master 2024"]
[Site "Shsrjah - Abu Dhabi"]
[Date "2024.05.19"]
[Round "?"]
[White "Kuybokarov, Temur"]
[Black "Krzyzanowski, Marcin"]
[Result "1-0"]
[WhiteElo "2600"]
[BlackElo "2526"]
[PlyCount "75"]
[EventDate "2024.05.14"]
[EventCountry "UAE"]

{[%evp 11,75,21,30,30,36,32,69,69,78,69,81,78,112,95,101,105,115,120,125,131,126,135,153,144,164,169,233,204,194,194,205,192,290,273,303,315,319,299,303,298,269,273,283,295,285,285,278,259,337,350,358,286,445,436,574,582,572,568,555,568,569,569,600,585,574,596]} 1. c4 e5 2. g3 Nf6 3. Bg2 d5 4. cxd5 Nxd5 5. Nf3 Nc6 6. O-O Nb6 7. b3 Be7 8. Bb2 Bf6 {Hoping for ...e4.} 9. Nc3 {White is slightly better.} Bf5 10. d3 O-O 11. Ne4 $146 ({RR} 11. Nd2 Qd7 12. Nc4 Nxc4 13. bxc4 (13. dxc4 $16 Qxd1 14. Raxd1) 13... Bh3 14. Nd5 Bd8 15. Bxh3 Qxh3 16. f4 Re8 17. e4 f6 18. f5 Ne7 19. Ne3 $1 Nc6 {[#]} 20. Ng4 $1 Be7 {[#]} (20... g6 {is a better defense.} 21. fxg6 hxg6) 21. Nf2 $1 {[%cal Rf2h3]} Qh6 22. Bc1 g5 23. h4 Qg7 24. hxg5 fxg5 25. Kg2 Rad8 {Tsolakidou,S (2385)-Cyfka,K (2350) Germany GER 2024 1-0 (34)}) 11... Re8 12. Nxf6+ Qxf6 13. b4 {[%cal Bb3b4,Bb4b5][%mdl 32]} Bg4 14. b5 Nd4 15. Nxd4 exd4 16. Re1 Rad8 17. Bxb7 Qe5 18. Qc2 Qh5 $6 {Inaccuracy. h5 was best.} (18... h5 19. Bg2) (18... h5 {keeps fighting.} 19. e3 Nd5 20. Bxd4 Qf5 21. Bxd5 Qxd5) 19. Be4 (19. Qxc7 Rd7 $11) 19... f5 20. Bc6 Re6 {intending ...f4.} 21. Qc5 Red6 $6 {Inaccuracy. Bxe2 was best.} (21... Bxe2 22. Bxd4 Qg4 23. Be5 Na4 $2 (23... Rxd3 24. Bxc7 Qd4 25. Qxf5 Bg4) 24. Qe3 Nc3 25. f3 Qg6 26. Qc5 Na4 27. Qc4) (21... f4 $142 22. Bxd4 Qxc5 23. Bxc5 Rxe2 24. Rxe2 (24. gxf4 Rxd3 25. Rxe2 Bxe2 $16) 24... Bxe2) 22. f3 $18 Bh3 23. a4 {[%cal Ba2a4,Ba4a5][%mdl 32]} Kh8 24. a5 Nd7 25. Bxd7 R6xd7 26. Ra4 {[%cal Ba1a4,Ba4c4,Bc4c7,Bc7g7,Bg7f7][%mdl 32]} ({Don't take} 26. Qxa7 $6 f4 $18) 26... Qe8 {White must now prevent ...Qe3+.} 27. Bc1 Rd5 28. Qxa7 h6 29. Rc4 (29. Qxc7 Rc8 $15) 29... Re5 30. Kf2 (30. Qxc7 {is a self mate.} Rxe2 31. Qxg7+ Kxg7 32. Rc7+ Kg8 33. Rf1 Re1 34. Rg7+ Kxg7 35. Bxh6+ Kxh6 36. Rxe1 Qxe1#) 30... Qxb5 31. Rxc7 f4 (31... Rxe2+ $142 32. Rxe2 f4 33. Rxg7 Qxd3) 32. Bxf4 {White is clearly winning.} Re6 33. Rxg7 {Intending Rh7+ and mate.} Bf5 34. g4 Bg6 35. Qc7 Rde8 36. Bxh6 {White threatens Rh7+! and mate.} Bf7 37. Rxf7 {Threatening mate with Rh7+.} Rxh6 38. Qf4 {[%mdl 64] Double Attack. Accuracy: White = 96%, Black = 51%.} 1-0

[Event "Sharjah Master 2024"]
[Site "Shsrjah - Abu Dhabi"]
[Date "2024.05.19"]
[Round "?"]
[White "Assaubayeva, Bibisara"]
[Black "Safarli, Eltaj"]
[Result "1/2-1/2"]
[WhiteElo "2481"]
[BlackElo "2594"]
[PlyCount "99"]
[EventDate "2024.05.14"]
[EventCountry "UAE"]

1. Nf3 d5 2. e3 c5 3. c4 d4 4. g3 g6 $146 ({RR} 4... Nc6 5. exd4 cxd4 6. Bg2 e5 7. O-O Bd6 8. d3 Nf6 9. Bg5 h6 10. Bxf6 Qxf6 11. a3 a5 12. Nbd2 Bc7 13. Qc2 O-O 14. Rab1 Qe7 15. Rfe1 Bf5 16. c5 Rab8 17. b4 axb4 18. axb4 Qd7 19. b5 {Cu,I (1909)-Greenwood,M (1408) Penang MAS 2023 1-0}) ({RR} 4... Nc6 5. exd4 cxd4 6. Bg2 e5 7. d3 Bd6 8. O-O h6 9. Re1 Nge7 10. c5 Bc7 11. Nbd2 O-O 12. Nc4 Ng6 13. b4 Nxb4 14. Nfxe5 Nxe5 15. Nxe5 Qf6 16. Ba3 Bxe5 17. Bxb4 a5 18. Ba3 Rb8 19. Qe2 {Borisova,E (2168)-Kalambetov,A (2041) Ershovo RUS 2024 1-0 (33)}) 5. Bg2 Bg7 6. O-O Nc6 7. d3 dxe3 8. fxe3 $6 {Inaccuracy. Bxe3 was best.} (8. Bxe3 Bxb2 9. Nbd2 Bxa1 10. Qxa1 Nf6 11. Bxc5 Qxd3 12. Ne5 Nxe5) 8... Nf6 9. Nc3 O-O 10. h3 Qd6 11. Ne2 Rd8 12. d4 Ne4 13. Kh2 f5 $6 {Inaccuracy. a5 was best.} (13... a5 14. a4) 14. a3 b6 15. Qc2 Ba6 16. b4 Bb7 17. Bb2 e5 $6 {Inaccuracy. cxb4 was best.} (17... cxb4 18. Nf4) 18. d5 Nb8 $2 {Mistake. Ne7 was best.} (18... Ne7 19. Nd2 Nxd2 20. Qxd2 b5 21. Nc3 bxc4 22. e4 cxb4 23. axb4 fxe4 24. Ra5) 19. Nd2 $2 {Mistake. Nh4 was best.} (19. Nh4 Nf6 20. e4 fxe4 21. Nc3 Nbd7 22. b5 Rf8 23. Rae1 Rf7 24. Nxe4 Nxe4) 19... Nxd2 20. Qxd2 Nd7 21. e4 Rf8 22. Kh1 a5 23. b5 Rae8 24. Rf2 Bc8 25. Raf1 Nf6 26. exf5 gxf5 27. Qg5 Kh8 $6 {Inaccuracy. h6 was best.} (27... h6 28. Qh4) 28. g4 fxg4 $2 {Mistake. h6 was best.} (28... h6 29. Qh4 fxg4 30. Ng3 Qd8 31. Kg1 Kg8 32. Nf5 Bxf5 33. Rxf5 gxh3 34. Bxh3) 29. h4 Ng8 30. Ng3 Rxf2 31. Rxf2 Qg6 $2 {Mistake. h6 was best.} (31... h6 32. Ne4 Qd8 33. Qxd8 Rxd8 34. h5 a4 35. Bc3 Ne7 36. Rf7 Nf5 37. Rc7) 32. Ne4 $2 {Mistake. Be4 was best.} (32. Be4 Qxg5 33. hxg5 Rf8 34. Rxf8 Bxf8 35. Bxe5+ Bg7 36. Bc7 h6 37. Bf5 Bb7) 32... Nh6 33. Qxg6 $4 {Blunder. Ng3 was best.} (33. Ng3 e4 34. Bxg7+ Qxg7 35. Bxe4 a4 36. Rf6 Ng8 37. Qxg7+ Kxg7 38. Rxb6 Nf6) 33... hxg6 34. Nd6 Rd8 35. Nxc8 Rxc8 36. Be4 Nf5 37. Bxf5 Rf8 38. Re2 gxf5 39. Bxe5 f4 40. Kg1 g3 41. Re4 Bxe5 42. Rxe5 Kg7 43. Rg5+ Kh6 44. d6 Rf7 45. Kf1 Rd7 46. Rd5 f3 47. Rd3 Kh5 48. Rxf3 Rxd6 49. Rxg3 Rd4 50. Rg5+ 1/2-1/2